Quizzes
Events
Quiz Creation
Community
Videos
Private Events
Remove Ads
Sign In
Join for FREE
Feedback
Dark Mode
Quiz Categories
Sports
Geography
Music
Movies
Television
Just For Fun
Miscellaneous
History
Literature
Language
Science
Gaming
Entertainment
Religion
Holiday
For Kids
Quiz Lab
Recent
Popular Today
Quiz Kudos Today
Editor Picks
Curator Picks
Quizzes by...
Day
Popularity
Type
Ratings
Length
Year
Community
Subscriptions
Recent Discussions
Orange Saloon
Badges
Playlists
Quests
Create
Leaderboards
Showdown
Live 5
Trivia Bingo
Activity
Puzzle Library
Sporcle Events
Private Events
Virtual Trivia
Globe League
Become a Host
Pub Owners
SporcleCon
Opinionation
Our Games
Videos
Blog
Mobile Apps
Partnerships
Remove Ads and Go Orange
Feedback
Entertainment
Celebrity
Famous
Musical
Broadway
Show
Quote
Comic Books
Anime
Superhero
DC Comics
Marvel
Cartoons
Animation
Entertainment
Celebrity
Famous
Musical
Broadway
Show
Quote
Comic Books
Anime
Superhero
DC Comics
Marvel
Cartoons
Animation
Random Quiz
Search Sporcle
×
Quiz Lab
Quiz Lab
Entertainment
Baseball
Type in answers that appear in a list
Type in answers that appear in a list
Classic
Best Score? Go Orange.
2007 Murray Ave Baseball Team Stats
Can you name the 2007 Murray Ave Baseball Team?
By
ichiro5193
10m
18 Questions
8 Plays
8 Plays
8 Plays
Comments
Comments
Give Quiz Kudos
Give Quiz Kudos
-
- Ratings
hide this ad
Replay
Link that replays current quiz
Next Quiz
Link to next quiz in quiz playlist
You Got
0%
They Got
Avg Score
47%
Avg Friend Score
Upgrade to see
Score Distribution
Jump to the score distribution portion of the page
Score
0/18
Timer
10:00
0
Plays Today
Hint
Answer
% Correct
Coach
Casey Molt
100%
Starting SS
Jared Licht
75%
Ace Lefty
Ross Goodman
75%
2nd Best Catcher in Murray Ave History
Mike Piscopo
75%
Long Haired, Big Nosed, Hard Hitter
Jamie Young
62.5%
Best 2nd baseman LM never saw
Mike fiocca
62.5%
'you put the French fries on the sandwich'
Darren Mickle
50%
A Legendary 1st Basemen
Mario Incollingo
50%
Hatboro Allstar 2004
Jay Fisher
50%
Hint
Answer
% Correct
Still thinks he can beat Jamie Up in 2017
Jake Madnick
50%
Short and Scrappy
Jesse Goldstein
37.5%
Best Football Player on the team
Frank Gleason
37.5%
Has brought another child into this world
Tom McNally
37.5%
Triple in Air Force 1s against Springfield
Shaun Levine
37.5%
Boobs felt in 5th grade by a member of this team
Chynna Shapiro
25%
Never started a game (RF)
Brendan Kennedy
12.5%
Cheerleader for the winningest sports team in Philadelphia History
Rachel Assal
12.5%
2nd best football player on this team
Logan Mcguigan
12.5%
Quiz Playlist
Details
Report
Send in Message
Add To Playlist
Classic:
Type in answers that appear in a list
Last Updated: Jun 19, 2017
Quiz Scoreboard
CHALLENGE
Sign Up to Join the Scoreboard
Show All
Scores
Hide
Comments
May contain spoilers
Recently Published
9x9 Crossword: Cartoon Network
by jackfrog10
Miscellaneous
3m
College Basketball Coaching Resumes
by pancakes188
Sports
9m
Billboard Blitz: Fleetwood Mac
by CooCooCachoo
Music
15s
More to Explore
Quiz From the Vault
Featured Blog Post
Where Did the Easter Bunny Come From?
hide this ad
You Might Also Like...
Tags
Baseball Quiz
2007
Ave
team
Today's Top Quizzes in Entertainment
Browse Entertainment
hide this ad
Today's Top Quizzes in Baseball
Browse Baseball
Top Contributed Quizzes in Entertainment
1
7-to-1: DC Comics Villains
2
Marvel Characters Bunker
3
Eurovision 2023 Logic Puzzle
4
Dragon Ball Z: Goku's Fights in Order
5
Sorting Pictures: Villains
6
Criteria Quickie: Cartoon Taxonomy II
7
Mini Trivia Sudoku: Musicals
8
Kamen Rider Motifs
9
Fictional Villains Letter U Blitz
10
7-to-1: One Piece
Explore More
Trending Topics
NBA
Disney
Marvel
Crossword
Anime
Kpop
Harry Potter
Song
Pokémon
WWE
Soccer
Puzzle
NFL
Country
The Office
hide this ad
More By:
ichiro5193
Quiz
Plays
Rating
Category
Featured
Created
2007 Murray Ave Baseball Team
8
1.00
Entertainment
Jun 19, 2017
Go to Creator's Profile
Score Distribution
Quiz Creator Spotlight
ichiro5193
Follow
Send a Message
Quizzes Created
-
Created Quiz Play Count
-
More By This Creator
Popular Quizzes Today
1
Find the US States - No Outlines Minefield
2
Find the Countries of Europe - No Outlines Minefield
3
The Countries of the World
4
Find the US States
5
Risky Map Clicking: Biggest States A-Z
6
US States
7
Popular People in 1961
8
Movies - When Are They Set?
More Entertainment Quizzes
Pink Characters by Funko Pop! Figure
Quiz Lab
Trending Quizzes
Risky Map Clicking: Least Populous States A-Z
1-10 Letter G Words
1-10 Letter F Words
Risky Map Clicking: Next State Alphabetically
Adjectives in 80s TV Shows
Recently Updated
Leaping Animals
pecheneg
Reality TV Shows (A-Z)
bhenderson79
Rickey Henderson's Hall of Fame Teammates
pecheneg
Champions League XIs: Arsenal
pecheneg
Quick Pick: Celebrities in WWE's Hall of Fame
aduchscher
A-Z Keypad Blitz II
pecheneg
Multiple Oscar Actors
pecheneg
Mystery Phrase Blitz: Oscar 'Best Actors'
pecheneg
F. Scott Fitzgerald Novels
LTH
Pick 3 Villains
ddd62291
Trending Topics
Disney
NBA
Marvel
Anime
Kpop
Crossword
Harry Potter
WWE
Puzzle
Song
NFL
Country
Pokémon
The Office
Soccer
Your Account Isn't Verified!
In order to create a playlist on Sporcle, you need to verify the email address you used during registration. Go to your
Sporcle Settings
to finish the process.
Report this User
Report this user for behavior that violates our
Community Guidelines
.
Details:
Send Report
Go to the Sporcle.com Mobile Site →
Comments